Giáo dục giới tính vì sự phát triển của vị thành niên

Enregistré dans:
Détails bibliographiques
Auteur principal: Đào Xuân Dũng
Format: Livre
Publié: Đại học quốc gia Hà Nội 2002
Tags: Ajouter un tag
Pas de tags, Soyez le premier à ajouter un tag!
Thư viện lưu trữ: Mạng thư viện Đại học Đà Nẵng
LEADER 00611nam a2200229 a 4500
001 000029821
003 15847
005 20171030145630.0
008 171030s2002
020 |c 19000 
040 |a LTT 
082 0 |a 370.15  |b ĐA-D 
100 1 |a Đào Xuân Dũng 
245 0 0 |a Giáo dục giới tính vì sự phát triển của vị thành niên  |c Đào Xuân Dũng. 
260 |b Đại học quốc gia Hà Nội  |c 2002 
OWN |a LTT 
999 |a From the UDN01 
TYP |a Monograph 
TYP |a Printed language 
980 |a Mạng thư viện Đại học Đà Nẵng